|
|
|
|
| LEADER |
01489nam a22002897a 4500 |
| 001 |
39671 |
| 003 |
BD-DhAAL |
| 008 |
220922t2020 enka|||| b||| 001 0 eng d |
| 999 |
|
|
|c 44568
|d 44568
|
| 020 |
|
|
|a 9781800208742
|
| 040 |
|
|
|a BD-DhAAL
|c BD-DhAAL
|
| 082 |
|
|
|a 006.35
|2 23
|
| 100 |
|
|
|a Sankar, Krishna,
|e author.
|9 51548
|
| 245 |
|
|
|a The applied AI and natural language processing workshop :
|b explore practical ways to transform your simple projects into powerful intelligent applications /
|c Krishna Sankar, Jeffrey Jackovich, and Ruze Richards.
|
| 260 |
|
|
|a Birmingham :
|b Packt Publishing,
|c 2020.
|
| 300 |
|
|
|a xiii, 350 pages :
|b illustrations ;
|c 24 cm.
|
| 504 |
|
|
|a Includes bibliographical references and index.
|
| 526 |
|
|
|a CSE
|
| 541 |
|
|
|a Book Finder International
|e 39671, 39672
|
| 650 |
|
|
|a Natural language processing (Computer science).
|9 51549
|
| 650 |
|
|
|a Computer science.
|9 51550
|
| 700 |
|
|
|a Jackovich, Jeffrey,
|e author.
|9 51551
|
| 700 |
|
|
|a Richards, Ruze,
|e author.
|9 51552
|
| 852 |
|
|
|a Ayesha Abed Library
|c General Stacks
|
| 942 |
|
|
|2 ddc
|c BK
|
| 952 |
|
|
|0 0
|1 0
|2 ddc
|4 0
|6 006_350000000000000_SAN
|7 0
|9 71814
|a BRACUL
|b BRACUL
|c GEN
|d 2022-09-11
|e Book Finder International
|g 3155.17
|l 2
|m 17
|o 006.35 SAN
|p 3010039671
|r 2025-09-20
|s 2025-08-27
|t 1
|v 3155.17
|w 2022-09-11
|y BK
|
| 952 |
|
|
|0 0
|1 0
|2 ddc
|4 0
|6 006_350000000000000_SAN
|7 0
|9 71815
|a BRACUL
|b BRACUL
|c GEN
|d 2022-09-11
|e Book Finder International
|g 3155.17
|l 2
|m 39
|o 006.35 SAN
|p 3010039672
|r 2026-04-02
|s 2025-02-20
|t 2
|v 3155.17
|w 2022-09-11
|y BK
|